| 000 | 00788nam a2200205Ia 4500 | ||
|---|---|---|---|
| 003 | IN-BaIIA | ||
| 008 | 211028s9999 xx 000 0 eng d | ||
| 020 | _a1-886733-35-X | ||
| 040 | _cIIA Library | ||
| 080 |
_a082.2:52 _bASP-115 |
||
| 111 |
_aConference on Galatic and Cluster Cooling Flows _cIsrael _d1991 Sept. 18-20 _921675 |
||
| 245 | 0 |
_aGalatic and cluster cooling flows _bproceedings of a conference held in Oranim, Israel, 18-20 Sep 1991 _cedited by N. Soker |
|
| 260 |
_aCalifornia _bAstronomical Society of the Pacific _c1997 |
||
| 300 | _aiv, 227p. | ||
| 490 | _aASP conference series; v. 115 | ||
| 650 |
_aGalaxies _91286 |
||
| 700 |
_aSoker, N .,ed. _921676 |
||
| 710 |
_aAstronomical Society of Pacific _921677 |
||
| 942 | _cBK | ||
| 999 |
_c12387 _d12387 |
||